000
00276nam a2200097 4500
999
_c
522516
_d
522516
082
_a
I5135x5444 AR/4/2
100
_a
Government of karnataka
_9
37702
245
_a
4th report of the karnataka administrative reforms commission-two
260
_a
Bengaluru
_c
2022
300
_a
229p.